000 00792nam a2200229 4500
003 OSt
005 20240611072845.0
006 a
008 240611b |||||||| |||| 00| 0 eng d
020 _a9789719924746
040 _aDWCL-Main lib.
_cOC
082 _aFil. 420.7 C761 2011
100 _aAl-Amrey, Melody Raquel
245 _aContent-based english as a second language: a multiple intelligence approach for college students /
260 _aQuezon City, Phils :
_bC & E Pub.,
_cc2011.
300 _axiii,
_b337 p. : ill. ;
_c26 cm.
504 _aIncludes bibliographical references and index.
650 _a1. English language–Study and teaching(Higher).
650 _a2. English as a second language.
700 _aMelody Raquel Al-Amrey.
942 _2ddc
_n0
_cBK - FIL
_kFil.
999 _c551
_d551